[Event "2023 Welsh Open"]
[Site "Cardiff"]
[Date "2023.04.07"]
[Round "1.1"]
[White "Yoganand"]
[Black "Szakmany, Bence"]
[Result "1/2-1/2"]
[WhiteElo "2178"]
[BlackElo "1561"]
[Annotator "Paul,Hatchett"]
[PlyCount "85"]
[EventDate "2023.04.07"]
[EventRounds "7"]
[EventCountry "WLS"]

1. d4 {[%emt 0:00:07]} Nf6 {[%emt 0:00:07]} 2. e3 {[%emt 0:00:15]} d5 {[%emt 0:01:43]} 3. f4 {[%emt 0:00:20]} c5 {[%emt 0:03:09]} 4. c3 {[%emt 0:00:16]} cxd4 {[%emt 0:04:45]} 5. exd4 {[%emt 0:00:19]} Bf5 {[%emt 0:02:13]} 6. Bd3 {[%emt 0:00:33]} Bxd3 {[%emt 0:01:57]} 7. Qxd3 {[%emt 0:00:03]} e6 {[%emt 0:00:36]} 8. Nf3 {[%emt 0:00:24]} Be7 {[%emt 0:01:31]} 9. O-O {[%emt 0:00:09]} Ne4 {[%emt 0:01:55]} 10. Nbd2 {[%emt 0:01:55]} f5 {[%emt 0:00:52]} 11. Ne5 {[%emt 0:00:08]} Nc6 {[%emt 0:02:19]} 12. Nxe4 {[%emt 0:06:02]} dxe4 {[%emt 0:08:01]} 13. Qb5 {[%emt 0:02:15]} Qb6 {[%emt 0:01:09]} 14. Qxb6 {[%emt 0:03:40]} axb6 {[%emt 0:00:12]} 15. Be3 {[%emt 0:00:11]} b5 {[%emt 0:25:58]} 16. a3 {[%emt 0:02:41]} Rg8 {[%emt 0:02:38]} 17. Rad1 {[%emt 0:04:36]} Rd8 {[%emt 0:03:21]} 18. g3 {[%emt 0:01:45]} g5 {[%emt 0:10:31]} 19. Kh1 {[%emt 0:03:22]} gxf4 {[%emt 0:10:45]} 20. gxf4 {[%emt 0:00:53]} Rd5 {[%emt 0:03:04]} 21. Rg1 {[%emt 0:01:36]} Rxg1+ {[%emt 0:00:14]} 22. Rxg1 {[%emt 0:00:04]} Nxe5 {[%emt 0:00:48]} 23. fxe5 {[%emt 0:00:08]} Kf7 {[%emt 0:00:20]} 24. b3 {[%emt 0:02:34]} Bxa3 {[%emt 0:04:27]} 25. c4 {[%emt 0:04:57]} Rd8 {[%emt 0:04:44]} 26. Rd1 {[%emt 0:00:43]} Bb2 {[%emt 0:00:33]} 27. Kg2 {[%emt 0:03:41]} f4 {[%emt 0:02:14]} 28. Bxf4 {[%emt 0:00:10]} Rxd4 {[%emt 0:00:08]} 29. Rf1 {[%emt 0:01:02]} Ke8 {[%emt 0:00:57]} 30. Bh6 {[%emt 0:00:28]} bxc4 {[%emt 0:00:29]} 31. bxc4 {[%emt 0:00:39]} Rxc4 {[%emt 0:00:17]} 32. Rf8+ {[%emt 0:00:02]} Ke7 {[%emt 0:00:19]} 33. Rh8 {[%emt 0:00:04]} Rc2+ {[%emt 0:00:17]} 34. Kf1 {[%emt 0:00:01]} Bxe5 {[%emt 0:00:16]} 35. Rxh7+ {[%emt 0:00:03]} Kd6 {[%emt 0:00:16]} 36. Rxb7 {[%emt 0:00:15]} Rxh2 {[%emt 0:00:16]} 37. Be3 {[%emt 0:00:35]} Rh1+ {[%emt 0:03:55]} 38. Ke2 {[%emt 0:00:12]} Rh2+ {[%emt 0:00:37]} 39. Kf1 {[%emt 0:00:05]} Rh5 {[%emt 0:00:38]} 40. Rb6+ {[%emt 0:00:21]} Kd5 {[%emt 0:00:43]} 41. Rb4 {[%emt 0:00:48]} Rf5+ {[%emt 0:00:21]} 42. Ke2 {[%emt 0:00:09]} Bf4 {[%emt 0:00:42]} 43. Rb5+ {[%emt 0:00:27]} 1/2-1/2

[Event "2023 Welsh Open"]
[Site "Cardiff"]
[Date "2023.04.07"]
[Round "1.2"]
[White "Binesmael, Mohamed"]
[Black "Vlkova, Anezka"]
[Result "0-1"]
[WhiteElo "1553"]
[BlackElo "1956"]
[Annotator "Paul,Hatchett"]
[PlyCount "58"]
[EventDate "2023.04.07"]
[EventRounds "7"]
[EventCountry "WLS"]

1. e4 {[%emt 0:28:34]} e6 {[%emt 0:00:03]} 2. d4 {[%emt 0:00:10]} d5 {[%emt 0:00:03]} 3. e5 {[%emt 0:00:06]} c5 {[%emt 0:00:04]} 4. c4 {[%emt 0:00:03]} cxd4 {[%emt 0:00:53]} 5. Nf3 {[%emt 0:00:06]} Nc6 {[%emt 0:00:35]} 6. Bf4 {[%emt 0:00:09]} Qb6 {[%emt 0:06:40]} 7. b3 {[%emt 0:00:18]} Bb4+ {[%emt 0:00:24]} 8. Nbd2 {[%emt 0:00:09]} Nge7 {[%emt 0:00:13]} 9. Bd3 {[%emt 0:01:23]} Bc3 {[%emt 0:01:33]} 10. Rc1 {[%emt 0:00:16]} Nb4 {[%emt 0:01:10]} 11. Bb1 {[%emt 0:11:34]} Bb2 {[%emt 0:01:12]} 12. O-O {[%emt 0:00:07]} Bxc1 {[%emt 0:00:05]} 13. Qxc1 {[%emt 0:00:06]} Bd7 {[%emt 0:06:06]} 14. c5 {[%emt 0:03:40]} Qa6 {[%emt 0:00:57]} 15. Bg3 {[%emt 0:04:38]} Bb5 {[%emt 0:07:07]} 16. Nxd4 {[%emt 0:04:41]} Bxf1 {[%emt 0:01:04]} 17. Nxf1 {[%emt 0:00:05]} Rc8 {[%emt 0:01:44]} 18. Qg5 {[%emt 0:13:32]} Rxc5 {[%emt 0:02:54]} 19. Bh4 {[%emt 0:05:36]} O-O {[%emt 0:05:29]} 20. h3 {[%emt 0:13:32]} Ng6 {[%emt 0:01:31]} 21. a3 {[%emt 0:06:03]} Nc6 {[%emt 0:06:26]} 22. Nxe6 {[%emt 0:10:11]} fxe6 {[%emt 0:01:06]} 23. Bxg6 {[%emt 0:00:07]} hxg6 {[%emt 0:00:18]} 24. Qxg6 {[%emt 0:00:39]} Rc1 {[%emt 0:04:28]} 25. Bf6 {[%emt 0:00:42]} Qxf1+ {[%emt 0:00:54]} 26. Kh2 {[%emt 0:00:05]} Rf7 {[%emt 0:01:20]} 27. h4 {[%emt 0:03:35]} Qxf2 {[%emt 0:00:31]} 28. Bg5 {[%emt 0:10:38]} Nxe5 {[%emt 0:02:01]} 29. Qxe6 {[%emt 0:00:27]} Qg1+ {[%emt 0:01:31]} 0-1

[Event "2023 Welsh Open"]
[Site "Cardiff"]
[Date "2023.04.07"]
[Round "1.3"]
[White "Matejovsky, Ondrej"]
[Black "Fowler, Caspian"]
[Result "1-0"]
[WhiteElo "1936"]
[BlackElo "1546"]
[Annotator "Paul,Hatchett"]
[PlyCount "59"]
[EventDate "2023.04.07"]
[EventRounds "7"]
[EventCountry "WLS"]

1. e4 {[%emt 0:00:01]} e5 {[%emt 0:00:06]} 2. Nf3 {[%emt 0:00:06]} Nc6 {[%emt 0:00:05]} 3. Nc3 {[%emt 0:00:09]} Nf6 {[%emt 0:00:20]} 4. Bb5 {[%emt 0:00:21]} Bc5 {[%emt 0:21:26]} 5. Nxe5 {[%emt 0:02:25]} Nxe5 {[%emt 0:00:15]} 6. d4 {[%emt 0:00:08]} Bb4 {[%emt 0:00:23]} 7. dxe5 {[%emt 0:00:43]} Nxe4 {[%emt 0:00:20]} 8. Qd4 {[%emt 0:06:10]} Nxc3 {[%emt 0:08:28]} 9. bxc3 {[%emt 0:06:27]} Be7 {[%emt 0:06:22]} 10. O-O {[%emt 0:08:40]} O-O {[%emt 0:00:34]} 11. Rd1 {[%emt 0:07:22]} d6 {[%emt 0:26:43]} 12. Ba3 {[%emt 0:05:26]} Be6 {[%emt 0:02:43]} 13. exd6 {[%emt 0:04:39]} Bxd6 {[%emt 0:00:43]} 14. Bxd6 {[%emt 0:04:43]} Qxd6 {[%emt 0:00:19]} 15. Ba4 {[%emt 0:14:09]} Qxd4 {[%emt 0:10:58]} 16. cxd4 {[%emt 0:03:08]} Rad8 {[%emt 0:02:06]} 17. c3 {[%emt 0:02:21]} Rd6 {[%emt 0:02:06]} 18. Bb3 {[%emt 0:01:13]} Rfd8 {[%emt 0:01:36]} 19. Re1 {[%emt 0:02:04]} Ra6 {[%emt 0:07:26]} 20. d5 {[%emt 0:03:45]} Bf5 {[%emt 0:01:22]} 21. Re7 {[%emt 0:01:15]} Bg6 {[%emt 0:06:12]} 22. Rae1 {[%emt 0:02:01]} Kf8 {[%emt 0:00:20]} 23. Rxc7 {[%emt 0:00:19]} Rb6 {[%emt 0:00:46]} 24. f3 {[%emt 0:04:03]} Re8 {[%emt 0:00:30]} 25. Kf2 {[%emt 0:02:43]} Rxe1 {[%emt 0:00:27]} 26. Kxe1 {[%emt 0:00:06]} f6 {[%emt 0:00:35]} 27. c4 {[%emt 0:01:10]} Bb1 {[%emt 0:00:31]} 28. c5 {[%emt 0:04:32]} Rb5 {[%emt 0:00:30]} 29. d6 {[%emt 0:00:48]} h6 {[%emt 0:00:30]} 30. Rc8# {[%emt 0:00:13]} 1-0

[Event "2023 Welsh Open"]
[Site "Cardiff"]
[Date "2023.04.07"]
[Round "1.4"]
[White "Graczyk, Piotr"]
[Black "Sadiq, Ayodele"]
[Result "0-1"]
[WhiteElo "1524"]
[BlackElo "1903"]
[Annotator "Paul,Hatchett"]
[PlyCount "100"]
[EventDate "2023.04.07"]
[EventRounds "7"]
[EventCountry "WLS"]

1. Nf3 {[%emt 0:00:03]} Nf6 {[%emt 0:00:06]} 2. d4 {[%emt 0:00:07]} d5 {[%emt 0:00:15]} 3. c4 {[%emt 0:00:05]} e6 {[%emt 0:00:18]} 4. Nc3 {[%emt 0:00:07]} c6 {[%emt 0:00:36]} 5. a3 {[%emt 0:01:57]} Nbd7 {[%emt 0:00:15]} 6. Bf4 {[%emt 0:00:56]} Be7 {[%emt 0:00:53]} 7. c5 {[%emt 0:01:43]} Nh5 {[%emt 0:01:36]} 8. Bd2 {[%emt 0:00:33]} Qc7 {[%emt 0:01:58]} 9. g3 {[%emt 0:06:41]} e5 {[%emt 0:00:32]} 10. e4 {[%emt 0:14:31]} dxe4 {[%emt 0:03:53]} 11. Nxe5 {[%emt 0:01:52]} Nxe5 {[%emt 0:02:25]} 12. Nxe4 {[%emt 0:06:08]} Bg4 {[%emt 0:04:49]} 13. Be2 {[%emt 0:05:35]} Nd3+ {[%emt 0:01:13]} 14. Kf1 {[%emt 0:00:12]} Nxb2 {[%emt 0:06:33]} 15. Qb3 {[%emt 0:02:03]} Bxe2+ {[%emt 0:00:49]} 16. Kxe2 {[%emt 0:00:07]} O-O {[%emt 0:00:57]} 17. Qxb2 {[%emt 0:01:07]} Nf6 {[%emt 0:00:21]} 18. f3 {[%emt 0:03:40]} Nd5 {[%emt 0:00:27]} 19. Nc3 {[%emt 0:08:54]} Qd7 {[%emt 0:01:21]} 20. Rab1 {[%emt 0:07:42]} Rfe8 {[%emt 0:00:53]} 21. Kf2 {[%emt 0:00:11]} Bf6 {[%emt 0:01:32]} 22. Ne4 {[%emt 0:04:44]} Re7 {[%emt 0:01:42]} 23. Rhe1 {[%emt 0:01:48]} Rae8 {[%emt 0:01:38]} 24. Nd6 {[%emt 0:05:19]} Rxe1 {[%emt 0:01:11]} 25. Rxe1 {[%emt 0:04:14]} Rxe1 {[%emt 0:02:11]} 26. Bxe1 {[%emt 0:01:30]} b5 {[%emt 0:02:23]} 27. Bc3 {[%emt 0:06:45]} g6 {[%emt 0:00:25]} 28. Ne4 {[%emt 0:00:19]} Bg7 {[%emt 0:00:09]} 29. Qd2 {[%emt 0:00:34]} Nxc3 {[%emt 0:01:08]} 30. Nxc3 {[%emt 0:00:18]} Qxd4+ {[%emt 0:00:36]} 31. Qxd4 {[%emt 0:00:08]} Bxd4+ {[%emt 0:00:13]} 32. Ke2 {[%emt 0:00:07]} Bxc3 {[%emt 0:00:11]} 33. Kd3 {[%emt 0:00:10]} Bb2 {[%emt 0:00:18]} 34. h4 {[%emt 0:00:48]} Bxa3 {[%emt 0:00:10]} 35. Kd4 {[%emt 0:00:09]} Bxc5+ {[%emt 0:00:15]} 36. Kxc5 {[%emt 0:00:09]} a5 {[%emt 0:00:14]} 37. g4 {[%emt 0:00:18]} a4 {[%emt 0:00:31]} 38. Kb4 {[%emt 0:00:06]} c5+ {[%emt 0:00:16]} 39. Ka3 {[%emt 0:00:05]} h5 {[%emt 0:00:36]} 40. g5 {[%emt 0:00:22]} f6 {[%emt 0:00:11]} 41. f4 {[%emt 0:00:17]} Kf7 {[%emt 0:00:11]} 42. Kb2 {[%emt 0:00:44]} b4 {[%emt 0:00:18]} 43. Ka2 {[%emt 0:00:32]} a3 {[%emt 0:00:21]} 44. Kb3 {[%emt 0:00:09]} c4+ {[%emt 0:00:09]} 45. Ka2 {[%emt 0:00:17]} Ke6 {[%emt 0:00:16]} 46. Kb1 {[%emt 0:00:11]} b3 {[%emt 0:00:20]} 47. Ka1 {[%emt 0:00:04]} c3 {[%emt 0:00:22]} 48. Kb1 {[%emt 0:00:09]} b2 {[%emt 0:00:29]} 49. Kc2 {[%emt 0:02:16]} a2 {[%emt 0:00:15]} 50. gxf6 {[%emt 0:00:18]} b1=Q+ {[%emt 0:00:23]} 0-1

[Event "2023 Welsh Open"]
[Site "Cardiff"]
[Date "2023.04.07"]
[Round "1.5"]
[White "Havard, Gwyn"]
[Black "Beeston, Darson"]
[Result "1-0"]
[WhiteElo "1889"]
[BlackElo "1523"]
[Annotator "Paul,Hatchett"]
[PlyCount "81"]
[EventDate "2023.04.07"]
[EventRounds "7"]
[EventCountry "WLS"]

1. e4 c5 {[%emt 0:00:12]} 2. f4 d5 {[%emt 0:04:53]} 3. exd5 {[%emt 0:00:09]} Nf6 {[%emt 0:00:11]} 4. Bb5+ {[%emt 0:00:44]} Nbd7 {[%emt 0:03:10]} 5. c4 {[%emt 0:01:16]} g6 {[%emt 0:02:10]} 6. Nf3 {[%emt 0:00:56]} Bg7 {[%emt 0:02:05]} 7. Nc3 {[%emt 0:03:07]} O-O {[%emt 0:02:15]} 8. d3 {[%emt 0:05:38]} a6 {[%emt 0:26:52]} 9. Ba4 {[%emt 0:03:53]} b5 {[%emt 0:08:20]} 10. cxb5 {[%emt 0:04:27]} Nb6 {[%emt 0:05:08]} 11. O-O {[%emt 0:13:25]} Nbxd5 {[%emt 0:03:20]} 12. Bd2 {[%emt 0:06:25]} Bf5 {[%emt 0:08:25]} 13. Ne5 {[%emt 0:02:10]} Nb4 {[%emt 0:06:15]} 14. Be3 {[%emt 0:11:01]} Bxd3 {[%emt 0:04:26]} 15. Nxd3 {[%emt 0:02:16]} Nxd3 {[%emt 0:02:37]} 16. Qe2 {[%emt 0:02:39]} c4 {[%emt 0:03:47]} 17. bxa6 {[%emt 0:09:21]} Nd5 {[%emt 0:03:16]} 18. Nxd5 {[%emt 0:07:17]} Qxd5 {[%emt 0:00:15]} 19. Rad1 {[%emt 0:04:58]} Rxa6 {[%emt 0:00:58]} 20. b3 {[%emt 0:01:38]} Bd4 {[%emt 0:04:14]} 21. bxc4 {[%emt 0:00:42]} Qxc4 {[%emt 0:02:25]} 22. Bb3 {[%emt 0:00:22]} Bxe3+ {[%emt 0:02:19]} 23. Qxe3 {[%emt 0:00:16]} Qc5 {[%emt 0:03:05]} 24. Rxd3 {[%emt 0:00:29]} Qf5 {[%emt 0:00:58]} 25. Rfd1 {[%emt 0:00:49]} Raa8 {[%emt 0:01:09]} 26. Rd5 {[%emt 0:01:34]} Qg4 {[%emt 0:00:35]} 27. Rd7 {[%emt 0:02:02]} e6 {[%emt 0:00:31]} 28. R7d6 {[%emt 0:00:57]} Qh4 {[%emt 0:00:27]} 29. g3 {[%emt 0:00:51]} Qf6 {[%emt 0:00:10]} 30. Qe5 {[%emt 0:00:26]} Qe7 {[%emt 0:00:48]} 31. a4 {[%emt 0:01:08]} Qa7+ {[%emt 0:00:19]} 32. Qd4 {[%emt 0:00:41]} Qb7 {[%emt 0:00:20]} 33. Bxe6 {[%emt 0:01:43]} fxe6 {[%emt 0:00:27]} 34. Rd7 e5 {[%emt 0:01:09]} 35. fxe5 {[%emt 0:00:30]} Qa6 {[%emt 0:00:43]} 36. e6 {[%emt 0:00:57]} Qa7 {[%emt 0:00:37]} 37. Rxa7 {[%emt 0:00:08]} Rxa7 {[%emt 0:00:22]} 38. Qxa7 {[%emt 0:00:06]} Rc8 {[%emt 0:00:25]} 39. Qf7+ {[%emt 0:00:15]} Kh8 {[%emt 0:00:07]} 40. e7 {[%emt 0:00:16]} Rg8 {[%emt 0:01:06]} 41. Rd8 {[%emt 0:01:17]} 1-0

[Event "2023 Welsh Open"]
[Site "Cardiff"]
[Date "2023.04.07"]
[Round "1.7"]
[White "Gibbs, Dominic V"]
[Black "Sharhorodsky, Yaroslav"]
[Result "1-0"]
[WhiteElo "1848"]
[BlackElo "1476"]
[Annotator "Paul,Hatchett"]
[PlyCount "75"]
[EventDate "2023.04.07"]
[EventRounds "7"]
[EventCountry "WLS"]

1. e4 {[%emt 0:00:01]} c6 {[%emt 0:00:08]} 2. d3 {[%emt 0:00:18]} d5 {[%emt 0:00:07]} 3. Nd2 {[%emt 0:00:07]} dxe4 {[%emt 0:00:48]} 4. dxe4 {[%emt 0:00:13]} e5 {[%emt 0:00:16]} 5. Ngf3 {[%emt 0:00:10]} Qc7 {[%emt 0:00:54]} 6. Bc4 {[%emt 0:01:57]} Bc5 {[%emt 0:01:16]} 7. a4 {[%emt 0:03:20]} Nf6 {[%emt 0:02:22]} 8. c3 {[%emt 0:02:01]} a5 {[%emt 0:00:42]} 9. O-O {[%emt 0:01:49]} Bg4 {[%emt 0:01:13]} 10. h3 {[%emt 0:01:55]} Bh5 {[%emt 0:00:11]} 11. Re1 {[%emt 0:01:10]} O-O {[%emt 0:00:38]} 12. Nf1 {[%emt 0:01:23]} Nbd7 {[%emt 0:01:17]} 13. Ng3 {[%emt 0:00:48]} Bg6 {[%emt 0:00:19]} 14. Nh4 {[%emt 0:02:28]} Rad8 {[%emt 0:00:28]} 15. Qf3 {[%emt 0:03:08]} Nb6 {[%emt 0:01:43]} 16. Bb3 {[%emt 0:00:36]} Rd7 {[%emt 0:05:55]} 17. Bg5 {[%emt 0:02:27]} Qd8 {[%emt 0:10:22]} 18. Rad1 {[%emt 0:05:17]} Kh8 {[%emt 0:00:45]} 19. Bxf6 {[%emt 0:05:06]} Qxf6 {[%emt 0:00:07]} 20. Qxf6 {[%emt 0:01:17]} gxf6 {[%emt 0:00:11]} 21. Rxd7 {[%emt 0:01:42]} Nxd7 {[%emt 0:00:02]} 22. Rd1 {[%emt 0:00:26]} Nb8 {[%emt 0:04:07]} 23. Bc2 {[%emt 0:01:40]} Bb6 {[%emt 0:01:47]} 24. Nf1 {[%emt 0:01:05]} Na6 {[%emt 0:01:14]} 25. g4 {[%emt 0:02:51]} Nc5 {[%emt 0:02:03]} 26. Ng3 {[%emt 0:00:38]} Rd8 {[%emt 0:00:28]} 27. Rxd8+ {[%emt 0:00:25]} Bxd8 {[%emt 0:00:11]} 28. Nf3 {[%emt 0:02:35]} b5 {[%emt 0:01:48]} 29. b3 {[%emt 0:05:24]} Be7 {[%emt 0:02:33]} 30. Nd2 {[%emt 0:01:58]} Ne6 {[%emt 0:00:35]} 31. Ne2 {[%emt 0:01:10]} b4 {[%emt 0:07:13]} 32. Nc4 {[%emt 0:05:57]} bxc3 {[%emt 0:02:51]} 33. Nxa5 {[%emt 0:00:50]} Nd4 {[%emt 0:07:50]} 34. Nxd4 {[%emt 0:00:22]} exd4 {[%emt 0:00:20]} 35. Nxc6 {[%emt 0:00:15]} Bc5 {[%emt 0:00:47]} 36. b4 {[%emt 0:00:46]} Bd6 {[%emt 0:00:11]} 37. a5 {[%emt 0:00:22]} Bc7 {[%emt 0:02:00]} 38. b5 {[%emt 0:02:15]} 1-0

[Event "2023 Welsh Open"]
[Site "Cardiff"]
[Date "2023.04.07"]
[Round "1.8"]
[White "Guy, David"]
[Black "Browse, Joseph"]
[Result "1-0"]
[WhiteElo "1827"]
[BlackElo "1473"]
[PlyCount "49"]
[EventDate "2023.04.07"]
[SourceVersionDate "2023.04.11"]

1. d4 d5 2. Nf3 Nf6 3. c4 e6 4. Nc3 a6 5. Bg5 dxc4 6. a4 Nc6 7. e3 Na5 8. Ne5 Bb4 9. Be2 Qd5 10. Bf3 Bxc3+ 11. bxc3 Qd6 12. Qc2 Nd5 13. Bh4 f6 14. Bh5+ Kf8 15. Nf7 Qc6 16. Nxh8 Kg8 17. Nf7 g6 18. Bxg6 hxg6 19. Qxg6+ Kf8 20. Nh6 Ke7 21. Qf7+ Kd6 22. Bg3+ e5 23. dxe5+ fxe5 24. Qf8+ Kd7 25. O-O 1-0

[Event "2023 Welsh Open"]
[Site "Cardiff"]
[Date "2023.04.07"]
[Round "1.9"]
[White "Thomas, Mark"]
[Black "Hollyman, Mike"]
[Result "0-1"]
[WhiteElo "1789"]
[BlackElo "1418"]
[PlyCount "130"]
[EventDate "2023.04.07"]
[SourceVersionDate "2023.04.11"]

1. e4 c6 2. d3 d5 3. Nd2 dxe4 4. dxe4 e5 5. Ngf3 Qc7 6. Bc4 h6 7. O-O Bg4 8. a4 Nd7 9. c3 O-O-O 10. b4 Nb6 11. Be2 Be6 12. Qc2 Ne7 13. a5 Nd7 14. Nc4 f5 15. Rd1 fxe4 16. Nd6+ Kb8 17. Nxe4 g5 18. Be3 Nd5 19. Ng3 Nxe3 20. fxe3 g4 21. Nh4 h5 22. e4 Bh6 23. Ngf5 Bg5 24. g3 Rhg8 25. Rf1 Nf6 26. Rad1 Rdf8 27. Ng2 Qh7 28. Bd3 Qf7 29. Rf2 Bb3 30. Qb1 Bxd1 31. Qxd1 Rd8 32. Qc2 Qd7 33. Ne1 Rgf8 34. Kf1 Ng8 35. Ke2 Nh6 36. Ne3 Rxf2+ 37. Kxf2 Rf8+ 38. Ke2 Qf7 39. Nf5 Nxf5 40. exf5 h4 41. a6 hxg3 42. hxg3 Rh8 43. Ng2 Rh2 44. Kf2 Qd5 45. Be4 Qd2+ 46. Qxd2 Bxd2 47. axb7 Kxb7 48. b5 Bxc3 49. bxc6+ Kc7 50. Kg1 Rh8 51. Nh4 a5 52. Ng6 Ra8 53. f6 Bb4 54. f7 a4 55. Bd5 a3 56. Ba2 Kxc6 57. Nxe5+ Kc7 58. Nd3 Bf8 59. Kf2 Kd6 60. Ke3 Bh6+ 61. Ke4 Ra4+ 62. Kf5 Rd4 63. Nf4 Rxf4+ 64. gxf4 g3 65. Kg6 Bf8 0-1

[Event "2023 Welsh Open"]
[Site "Cardiff"]
[Date "2023.04.07"]
[Round "1.10"]
[White "Emblem, Mark"]
[Black "Bridges, Paul"]
[Result "1/2-1/2"]
[WhiteElo "1403"]
[BlackElo "1751"]
[PlyCount "66"]
[EventDate "2023.04.07"]
[SourceVersionDate "2023.04.11"]

1. e4 c5 2. Nf3 e6 3. c4 Nc6 4. Nc3 d6 5. d4 cxd4 6. Nxd4 Nf6 7. Bg5 Be7 8. Be2 a6 9. Be3 O-O 10. O-O e5 11. Nxc6 bxc6 12. f3 Be6 13. Qa4 Qc7 14. Rad1 Rfd8 15. Qc2 Nd7 16. Na4 c5 17. b3 Nb8 18. Qc1 Nc6 19. Nc3 Nd4 20. f4 f6 21. Bh5 Rf8 22. f5 Bf7 23. Bxf7+ Rxf7 24. Nd5 Ne2+ 25. Kf2 Nxc1 26. Nxc7 Ra7 27. Bxc1 Rxc7 28. Bd2 Rb7 29. Ba5 Rf8 30. g4 Kf7 31. Rd2 Rc8 32. Rfd1 Rc6 33. h4 h6 1/2-1/2

[Event "2023 Welsh Open"]
[Site "Cardiff"]
[Date "2023.04.07"]
[Round "1.11"]
[White "Stuart, Neil"]
[Black "Enoch, Stuart"]
[Result "1-0"]
[WhiteElo "1746"]
[BlackElo "1390"]
[PlyCount "21"]
[EventDate "2023.04.07"]
[SourceVersionDate "2023.04.11"]

1. d4 c5 2. d5 e5 3. e4 Nf6 4. Bg5 d6 5. Bd3 Be7 6. c4 a5 7. Nc3 Nxe4 8. Nxe4 Bxg5 9. Qh5 Be7 10. h4 O-O 11. Nf6+ 1-0

[Event "2023 Welsh Open"]
[Site "Cardiff"]
[Date "2023.04.07"]
[Round "1.12"]
[White "Reid, David Lawson"]
[Black "Greco, Joseph"]
[Result "0-1"]
[WhiteElo "1387"]
[BlackElo "1730"]
[PlyCount "58"]
[EventDate "2023.04.07"]
[SourceVersionDate "2023.04.11"]

1. e4 e6 2. d4 c5 3. c3 cxd4 4. cxd4 Nf6 5. e5 Nd5 6. Bc4 Bb4+ 7. Bd2 Bxd2+ 8. Qxd2 Nb6 9. Bb3 Nc6 10. Nf3 d6 11. exd6 Qxd6 12. O-O O-O 13. Nc3 Qb4 14. Bc2 f5 15. Bb3 Rd8 16. Rad1 Na5 17. Na4 Qxd2 18. Nxd2 Nxa4 19. Bxa4 Rxd4 20. Bb3 Nxb3 21. Nxb3 Rxd1 22. Rxd1 Kf7 23. f4 Ke7 24. Kf2 Bd7 25. Nc5 Bc6 26. Re1 Bd5 27. Re5 Rc8 28. b4 b6 29. Nb3 Rc4 0-1

[Event "2023 Welsh Open"]
[Site "Cardiff"]
[Date "2023.04.07"]
[Round "1.13"]
[White "Cave, Iwan"]
[Black "Mason, Edward"]
[Result "1-0"]
[WhiteElo "1711"]
[BlackElo "1361"]
[PlyCount "41"]
[EventDate "2023.04.07"]
[SourceVersionDate "2023.04.11"]

1. e4 e5 2. Nf3 Nc6 3. Bb5 a6 4. Ba4 Bc5 5. O-O d6 6. h3 Nf6 7. d3 h6 8. c3 b5 9. Bb3 O-O 10. Re1 Re8 11. Nbd2 Bb7 12. Nf1 Re7 13. Nh4 Bc8 14. Ng3 Kh7 15. Nhf5 Bxf5 16. Nxf5 Rd7 17. Qf3 Qg8 18. Nxh6 gxh6 19. Qxf6 Qg6 20. Qxg6+ fxg6 21. Bd5 1-0

[Event "2023 Welsh Open"]
[Site "Cardiff"]
[Date "2023.04.07"]
[Round "1.14"]
[White "Prabhu, Vismith"]
[Black "Dixon, Chris"]
[Result "0-1"]
[WhiteElo "1349"]
[BlackElo "1700"]
[PlyCount "114"]
[EventDate "2023.04.07"]
[SourceVersionDate "2023.04.11"]

1. e4 d6 2. d4 Nf6 3. Nc3 g6 4. f4 Bg7 5. Nf3 O-O 6. Bd3 Nc6 7. a3 Bg4 8. Be3 e5 9. d5 exf4 10. dxc6 fxe3 11. O-O bxc6 12. h3 Bxf3 13. Qxf3 Nd7 14. Qxe3 c5 15. Kh1 Ne5 16. Rab1 a5 17. Qg3 Rb8 18. Nd5 c6 19. Nf4 Qe7 20. b3 Rb7 21. h4 Rfb8 22. h5 a4 23. Be2 axb3 24. cxb3 c4 25. b4 g5 26. h6 Bxh6 27. Nh5 Bg7 28. Nxg7 Kxg7 29. Rbc1 Ra8 30. Bxc4 Rba7 31. Rf5 f6 32. Rcf1 Nxc4 33. Rxf6 Qxf6 34. Rxf6 Kxf6 35. Qf3+ Kg7 36. Qg3 h6 37. Qc3+ Ne5 38. Qd4 Rxa3 39. Qxd6 Ra1+ 40. Kh2 Re8 41. Qd4 Ra2 42. Kg1 Ra3 43. Qb2 Rd3 44. b5 Rd1+ 45. Kh2 cxb5 46. Qxb5 Rdd8 47. Qb7+ Rd7 48. Qb2 Rde7 49. Qd4 Kg6 50. Qd1 Nf7 51. e5 Rxe5 52. Qd3+ Re4 53. g3 g4 54. Kg2 Ng5 55. Kf2 Kh5 56. Qf1 Nh3+ 57. Kg2 Re2+ 0-1

[Event "2023 Welsh Open"]
[Site "Cardiff"]
[Date "2023.04.07"]
[Round "1.15"]
[White "Buttell, David"]
[Black "Dasselaar, Hendrik"]
[Result "1/2-1/2"]
[WhiteElo "1691"]
[BlackElo "1297"]
[PlyCount "78"]
[EventDate "2023.04.07"]
[SourceVersionDate "2023.04.11"]

1. d4 Nf6 2. c4 e6 3. Nf3 Bb4+ 4. Bd2 Qe7 5. g3 Ne4 6. a3 Bxd2+ 7. Nbxd2 d5 8. Bg2 Nxd2 9. Nxd2 c6 10. O-O O-O 11. Qc2 Nd7 12. Rac1 Nf6 13. e4 dxe4 14. Nxe4 Rd8 15. Rfd1 Nxe4 16. Bxe4 g6 17. Rd2 Bd7 18. Rcd1 Rac8 19. Qb3 Rc7 20. f4 Bc8 21. Bg2 Rcd7 22. Qe3 Qf6 23. d5 exd5 24. cxd5 cxd5 25. Rxd5 Rxd5 26. Rxd5 Rxd5 27. Bxd5 Qd8 28. Qb3 Qc7 29. Qe3 Bd7 30. Bf3 Qc2 31. Qf2 Qc1+ 32. Kg2 b6 33. Qe2 Qc8 34. g4 Qc1 35. Qe5 Qc8 36. h3 Be6 37. Kg3 Qd8 38. Be4 Qd2 39. Bf3 h6 1/2-1/2

[Event "2023 Welsh Open"]
[Site "Cardiff"]
[Date "2023.04.07"]
[Round "1.16"]
[White "Hammett, Scott"]
[Black "Quinn, Peter"]
[Result "1/2-1/2"]
[WhiteElo "1283"]
[BlackElo "1684"]
[PlyCount "55"]
[EventDate "2023.04.07"]
[SourceVersionDate "2023.04.11"]

1. d4 Nf6 2. e3 c5 3. c3 cxd4 4. cxd4 d6 5. Nc3 g6 6. Be2 Bg7 7. f4 O-O 8. Nf3 Nbd7 9. O-O Re8 10. Qb3 a6 11. Ng5 e6 12. Nce4 Nxe4 13. Nxe4 Nf6 14. Nxf6+ Bxf6 15. Bd2 b6 16. Bf3 d5 17. Rac1 Bd7 18. Rc2 Rc8 19. Rfc1 Rxc2 20. Rxc2 Qb8 21. Be2 b5 22. Ba5 Bd8 23. Bxd8 Rxd8 24. Rc5 Rc8 25. Qc2 Qb7 26. b4 Bc6 27. Bf3 Kg7 28. g3 1/2-1/2

[Event "2023 Welsh Open"]
[Site "Cardiff"]
[Date "2023.04.07"]
[Round "1.17"]
[White "Chong, Kimberly"]
[Black "Woodcock, Louise"]
[Result "1-0"]
[WhiteElo "1682"]
[BlackElo "1280"]
[PlyCount "41"]
[EventDate "2023.04.07"]
[SourceVersionDate "2023.04.11"]

1. e4 d6 2. d4 f5 3. exf5 Bxf5 4. Qf3 Bxc2 5. Bc4 Nf6 6. Nc3 c6 7. Bg5 d5 8. Bxf6 dxc4 9. Be5 Nd7 10. Bg3 Qb6 11. Nge2 Nf6 12. Nf4 Kd7 13. O-O h5 14. Bh4 Re8 15. Qe2 Bf5 16. Na4 Qb4 17. Nc5+ Kc8 18. Nfe6 g6 19. Qe5 Bxe6 20. Bg3 Bd5 21. Qc7# 1-0

[Event "2023 Welsh Open"]
[Site "Cardiff"]
[Date "2023.04.07"]
[Round "1.18"]
[White "Kong, Emma Zihan"]
[Black "Wilmot, Daniel"]
[Result "0-1"]
[WhiteElo "1223"]
[BlackElo "1644"]
[PlyCount "84"]
[EventDate "2023.04.07"]
[SourceVersionDate "2023.04.11"]

1. d4 Nf6 2. c4 e6 3. Nc3 Bb4 4. Bg5 h6 5. Bd2 O-O 6. e3 d5 7. Nf3 b6 8. Ne5 c5 9. Nf3 cxd4 10. Nxd4 e5 11. Nc2 Be7 12. cxd5 Nxd5 13. Nxd5 Qxd5 14. Bc3 Qe6 15. Qf3 Nc6 16. Qe4 Bb7 17. Bd3 g6 18. Qc4 Qf6 19. Qg4 Rfd8 20. Be4 Ba6 21. Qf3 Qxf3 22. Bxf3 Rac8 23. Rd1 Bd3 24. Na1 e4 25. Be2 Bb4 26. Rc1 Ne5 27. Nb3 Bxc3+ 28. bxc3 Bxe2 29. Kxe2 Rd3 30. Rhd1 Rdxc3 31. Rxc3 Rxc3 32. Rc1 Rd3 33. Rc7 a5 34. Re7 Rd5 35. Nd2 Kf8 36. Rb7 f5 37. Rxb6 Rxd2+ 38. Kxd2 Nc4+ 39. Kc3 Nxb6 40. Kd4 Ke7 41. Kc5 Na4+ 42. Kc4 Kd6 0-1